02465cam a2200577 i 4500001001200000003000600012005001700018008004100035020004800076035002200124035002300146040006700169045001700236046000900253100003100262245014800293260014400441300004400585336002700629337005400656338002800710380001600738380002300754388001000777490004600787490009200833504004700925610002800972610003001000610005101030610002601081610003401107648001901141648001901160648001501179650004101194650002001235650003701255650002001292650008001312651004001392651006901432651007001501655002001571655003101591658003801622658001301660710010601673830004601779830006201825xx004913421NUKAT20260427110640.0200723s2020 pl a g |001 0 pol c a9788380988880q(oprawa twarda) :czł 50,00 a(OCoLC)1183356303 a(NUKAT)xx004913421 aGD U/MJbpolerdacGD U/MJsdWR O/KPdWA 14/MBsdOLSZT 008/bak2 bd1886bd2019 k20201 aChmielowiec, Piotr.eAutor10aKryptonim "Borsuki" :bkonspiracja wojskowa Polskiego Państwa Podziemnego na terenie powiatu łańcuckiego (1939-1945) /cPiotr Chmielowiec. aRzeszów ;aWarszawa :bInstytut Pamięci Narodowej Komisja Ścigania Zbrodni przeciwko Narodowi Polskiemu. Oddział w Rzeszowie,c2020. a664, [12] stron :bilustracje ;c25 cm. aTekstbtxt2rdacontent aBez urządzenia pośredniczącegobn2rdamedia aWoluminbnc2rdacarrier aKsiążki aPublikacje naukowe1 a2001-1 aSeria Wydawnicza IPN Oddział w Rzeszowie1 aCentalny Projekt Badawczy IPN Losy Polski i jej Obywateli w Latach II Wojny Światowej aBibliografia na stronach 573-606. Indeksy.27aArmia Krajowa (AK)2DBN27aBataliony Chłopskie2DBN27aNarodowa Organizacja Wojskowa (1939-1943)2DBN27aZwiązek Odwetu2DBN27aZwiązek Walki Zbrojnej2DBN 7a1801-19002DBN 7a1901-20002DBN 7a2001-2DBN 7aII wojna światowa (1939-1945)2DBN 7aPartyzanci2DBN 7aPolskie Państwo Podziemne2DBN 7aRuch oporu2DBN 7aWojna światowa (1939-1945)xruch oporuzPolskazŁańcut (region).2kaba 7aPowiat łańcucki (1918-1939)2DBN 7aŁańcut (Polska ; region)y1939-1945 (Wojna i okupacja).2kaba 7aŁańcut (Polska ; region)xpolityka i rządyy1900-1945.2kaba 7aMonografia2DBN 7aSłownik biograficzny2DBN aBezpieczeństwo i wojskowość aHistoria2 aInstytut Pamięci Narodowej - Komisja Ścigania Zbrodni przeciwko Narodowi Polskiemu.eWydawca4pbl 0aSeria Wydawnicza IPN Oddział w Rzeszowie 0aLosy Polski i jej Obywateli w Latach II Wojny Światowej